El contramaestre y el loro / (Registro nro. 12363)

Detalles MARC
000 -LIDER
fixed length control field 00625nam a22002057a 4500
001 - NÚMERO DE CONTROL
Identificador de número de control 0012531471
003 - IDENTIFICACDOR DE NÚMERO DE CONTROL
control field DO-SdBNP
005 - DATE AND TIME OF LATEST TRANSACTION
control field 20180216110513.0
007 - CAMPOS FIJOS DE DESCRIPCIÓN FÍSICA
fixed length control field 0012531471
008 - ELEMENTOS DE LONGITUD FIJA
fixed length control field 161208b 1990 cu a ||||| |||| 00| 0 spa d
040 ## - FUENTE DE CATALOGACIÓN
Agencia que crea de manera original el registro BPMSU
Idioma de catalogación spa
Agencia que realiza la transcripción BPMSU
100 1# - ASIENTO PRINCIPAL -- NOMBRE PERSONAL
Nombre personal Orlowski, Yu M.
245 10 - MENCIÓN DE TITULO
Título El contramaestre y el loro /
Mención de responsabilidad Yu M. Orlovski ; traducción, Natalia Labzovskaya
260 ## - PUBLICACIÓN, DISTRIBUCIÓN, ETC. (PIE DE IMPRENTA)
Lugar de publicación, distribución, etc La Habana :
Nombre del editor, distribuidor, etc. Gente Nueva,
Fecha de publicación, distribución, etc 1990
300 ## - DESCRIPCIÓN FÍSICA
Extensión 20 p. :
Otros detalles físicos il. ;
Dimensiones 20 cm.
700 12 - ASIENTO SECUNDARIO -- NOMBRE PERSONAL
Nombre personal Labzovskaya, Natalia,
Mención de responsabilidad tr.
942 ## - ADDED ENTRY ELEMENTS (KOHA)
Source of classification or shelving scheme Dewey Decimal Classification
Koha item type Libros
945 ## - INFORMACIÓN DE PROCESAMIENTO LOCAL
Información de procesamiento local Inventariado, 2018/MFF
956 ## - LOCAL ELECTRONIC LOCATION AND ACCESS (OCLC)
Método de acceso LOPEREZ
Materiales especificados 10
Enlace 20161208
Campo enlazado y núm. de secuencia BPMSU
Nombre de host 00041
Existencias
Withdrawn status Lost status Source of classification or shelving scheme Damaged status Not for loan Collection code Home library Current library Date acquired Source of acquisition Total Checkouts Barcode Date last seen Price effective from Koha item type
    Dewey Decimal Classification     Colección Infantil General Biblioteca Pública Metropolitana Salomé Ureña Biblioteca Pública Metropolitana Salomé Ureña 12/08/2016 Donación   BPMSU16120219 12/08/2016 12/08/2016 Libros